000 00347nam a2200157Ia 4500
001 27797
003 IN-NITTTR
005 20251114233345.0
008 251113s9999||||xx |||||||||||||| ||eng||
040 _beng
040 _cIN-NITTTR
041 _aeng
082 _a305.4200954 V85A H
245 0 _aAurat :
_b kal, aaj aur kal /
942 _2ddc
_cBK
999 _c30425
_d30425